[Event "DVM U20 2020"]
[Site "Willingen GER"]
[Date "2021.06.25"]
[Round "3"]
[White "Woelk, Tom-Frederic"]
[Black "Knüdel, Torben"]
[Result "1-0"]
[Termination "normal"]
[Board "3.1"]
[WhiteElo "2245"]
[BlackElo "2204"]
[WhiteClock "00:35:05"]
[BlackClock "00:33:35"]
[WhiteTeam "Hamburger SK von 1830"]
[BlackTeam "Post SV Uelzen"]
[PlyCount "109"]
[WhiteFideId "12993077"]
[BlackFideId "16208820"]
[EventCountry "GER"]
[EventRounds "7"]
[EventType "team-swiss"]
[EventDate "2021.06.23"]

1. d4 {[%clk 01:30:57]} {[%emt 00:00:02]} Nf6 {[%clk 01:30:46]} {[%emt
00:00:08]} 2. c4 {[%clk 01:31:26]} {[%emt 00:00:09]} e6 {[%clk 01:31:11]}
{[%emt 00:00:04]} 3. Nc3 {[%clk 01:31:53]} {[%emt 00:00:02]} Bb4 {[%clk
01:31:37]} {[%emt 00:00:04]} 4. f3 {[%clk 01:32:21]} {[%emt 00:00:03]} O-O
{[%clk 01:32:02]} {[%emt 00:00:05]} 5. a3 {[%clk 01:32:46]} {[%emt 00:00:05]}
Bxc3+ {[%clk 01:32:28]} {[%emt 00:00:03]} 6. bxc3 {[%clk 01:33:12]} {[%emt
00:00:04]} Nh5 {[%clk 01:32:54]} {[%emt 00:00:04]} 7. Nh3 {[%clk 01:24:25]}
{[%emt 00:09:17]} f5 {[%clk 01:32:31]} {[%emt 00:00:52]} 8. e4 {[%clk
01:23:46]} {[%emt 00:01:09]} fxe4 {[%clk 01:20:54]} {[%emt 00:12:08]} 9. Bg5
{[%clk 01:24:05]} {[%emt 00:00:11]} Qe8 {[%clk 01:21:17]} {[%emt 00:00:06]} 10.
Be2 {[%clk 01:23:43]} {[%emt 00:00:52]} e5 {[%clk 01:15:43]} {[%emt 00:06:05]}
11. fxe4 {[%clk 01:15:12]} {[%emt 00:09:01]} Nf6 {[%clk 01:14:36]} {[%emt
00:01:37]} 12. Bxf6 {[%clk 01:03:38]} {[%emt 00:12:03]} Rxf6 {[%clk 01:14:25]}
{[%emt 00:00:42]} 13. Nf2 {[%clk 01:04:03]} {[%emt 00:00:05]} d6 {[%clk
01:11:06]} {[%emt 00:03:49]} 14. O-O {[%clk 01:04:18]} {[%emt 00:00:15]} Nc6
{[%clk 00:42:04]} {[%emt 00:29:31]} 15. d5 {[%clk 00:53:35]} {[%emt 00:11:14]}
Ne7 {[%clk 00:41:09]} {[%emt 00:01:24]} 16. Bh5 {[%clk 00:46:17]} {[%emt
00:07:49]} Qf8 {[%clk 00:39:22]} {[%emt 00:02:17]} 17. Qe2 {[%clk 00:45:35]}
{[%emt 00:01:12]} b6 {[%clk 00:34:49]} {[%emt 00:05:03]} 18. Ng4 {[%clk
00:43:09]} {[%emt 00:02:55]} Bxg4 {[%clk 00:35:00]} {[%emt 00:00:20]} 19. Bxg4
{[%clk 00:43:35]} {[%emt 00:00:04]} Ng6 {[%clk 00:33:12]} {[%emt 00:02:17]} 20.
g3 {[%clk 00:43:37]} {[%emt 00:00:29]} Kh8 {[%clk 00:25:10]} {[%emt 00:08:31]}
21. Bh3 {[%clk 00:33:47]} {[%emt 00:10:21]} Rxf1+ {[%clk 00:23:53]} {[%emt
00:01:46]} 22. Rxf1 {[%clk 00:33:41]} {[%emt 00:00:37]} Qe7 {[%clk 00:24:21]}
{[%emt 00:00:01]} 23. Qh5 {[%clk 00:33:55]} {[%emt 00:00:16]} Rf8 {[%clk
00:24:16]} {[%emt 00:00:34]} 24. Bf5 {[%clk 00:34:07]} {[%emt 00:00:20]} Kg8
{[%clk 00:17:33]} {[%emt 00:07:13]} 25. g4 {[%clk 00:29:32]} {[%emt 00:05:05]}
Rf6 {[%clk 00:14:19]} {[%emt 00:03:43]} 26. g5 {[%clk 00:25:29]} {[%emt
00:04:35]} Rxf5 {[%clk 00:13:00]} {[%emt 00:01:48]} 27. Rxf5 {[%clk 00:23:55]}
{[%emt 00:02:03]} Nf4 {[%clk 00:13:19]} {[%emt 00:00:11]} 28. Qg4 {[%clk
00:24:14]} {[%emt 00:00:09]} g6 {[%clk 00:12:43]} {[%emt 00:01:09]} 29. Rf6
{[%clk 00:24:27]} {[%emt 00:00:17]} Qd8 {[%clk 00:12:58]} {[%emt 00:00:14]} 30.
Rxf4 {[%clk 00:05:41]} {[%emt 00:19:16]} exf4 {[%clk 00:13:23]} {[%emt
00:00:05]} 31. e5 {[%clk 00:06:00]} {[%emt 00:00:12]} dxe5 {[%clk 00:09:43]}
{[%emt 00:04:10]} 32. Qe6+ {[%clk 00:06:06]} {[%emt 00:00:24]} Kf8 {[%clk
00:09:57]} {[%emt 00:00:15]} 33. Qxe5 {[%clk 00:06:32]} {[%emt 00:00:05]} Kg8
{[%clk 00:08:59]} {[%emt 00:01:28]} 34. Qe6+ {[%clk 00:06:20]} {[%emt
00:00:43]} Kf8 {[%clk 00:09:19]} {[%emt 00:00:09]} 35. Qe5 {[%clk 00:04:58]}
{[%emt 00:01:51]} Kg8 {[%clk 00:09:43]} {[%emt 00:00:06]} 36. Qxf4 {[%clk
00:05:14]} {[%emt 00:00:15]} Qd6 {[%clk 00:09:26]} {[%emt 00:00:46]} 37. Qxd6
{[%clk 00:05:07]} {[%emt 00:00:39]} cxd6 {[%clk 00:07:54]} {[%emt 00:02:01]}
38. Kf2 {[%clk 00:05:36]} Kf7 {[%clk 00:07:29]} {[%emt 00:00:56]} 39. Ke3
{[%clk 00:05:53]} {[%emt 00:00:13]} Ke7 {[%clk 00:07:52]} {[%emt 00:00:06]} 40.
Kd3 {[%clk 00:05:44]} {[%emt 00:00:40]} Kd7 {[%clk 00:08:17]} {[%emt 00:00:05]}
41. Kc2 {[%clk 00:05:38]} {[%emt 00:00:35]} Kc7 {[%clk 00:29:36]} {[%emt
00:09:10]} 42. Kb3 {[%clk 00:35:57]} {[%emt 00:00:12]} Kb7 {[%clk 00:29:59]}
{[%emt 00:00:07]} 43. Kb4 {[%clk 00:36:18]} {[%emt 00:00:09]} a6 {[%clk
00:30:13]} {[%emt 00:00:16]} 44. a4 {[%clk 00:34:29]} {[%emt 00:02:19]} Kc7
{[%clk 00:30:21]} {[%emt 00:00:21]} 45. a5 {[%clk 00:33:02]} {[%emt 00:01:58]}
Kb7 {[%clk 00:30:48]} {[%emt 00:00:04]} 46. axb6 {[%clk 00:33:16]} {[%emt
00:00:16]} Kxb6 {[%clk 00:31:16]} {[%emt 00:00:01]} 47. c5+ {[%clk 00:32:44]}
{[%emt 00:01:03]} dxc5+ {[%clk 00:31:42]} {[%emt 00:00:04]} 48. Ka4 {[%clk
00:33:04]} {[%emt 00:00:09]} Kc7 {[%clk 00:30:54]} {[%emt 00:01:18]} 49. Ka5
{[%clk 00:32:58]} {[%emt 00:00:37]} Kb7 {[%clk 00:31:18]} {[%emt 00:00:06]} 50.
c4 {[%clk 00:33:22]} {[%emt 00:00:06]} Ka7 {[%clk 00:31:45]} {[%emt 00:00:03]}
51. d6 {[%clk 00:33:42]} {[%emt 00:00:09]} Kb7 {[%clk 00:32:12]} {[%emt
00:00:03]} 52. d7 {[%clk 00:34:03]} {[%emt 00:00:09]} Kc7 {[%clk 00:32:40]}
{[%emt 00:00:02]} 53. Kxa6 {[%clk 00:34:27]} {[%emt 00:00:07]} Kxd7 {[%clk
00:33:08]} {[%emt 00:00:02]} 54. Kb5 {[%clk 00:34:46]} {[%emt 00:00:11]} Kd6
{[%clk 00:33:35]} {[%emt 00:00:03]} 55. Kb6 {[%clk 00:35:05]} {[%emt 00:00:10]}
1-0

[Event "DVM U20 2020"]
[Site "Willingen GER"]
[Date "2021.06.25"]
[Round "3"]
[White "von Estorff, Jacob"]
[Black "Holinka, Henning"]
[Result "1/2-1/2"]
[Termination "normal"]
[Board "3.2"]
[WhiteElo "2125"]
[BlackElo "2256"]
[WhiteClock "00:06:32"]
[BlackClock "00:01:05"]
[WhiteTeam "Post SV Uelzen"]
[BlackTeam "Hamburger SK von 1830"]
[PlyCount "124"]
[WhiteFideId "12974501"]
[BlackFideId "12967084"]
[EventCountry "GER"]
[EventRounds "7"]
[EventType "team-swiss"]
[EventDate "2021.06.23"]

1. e4 {[%clk 01:30:55]} {[%emt 00:00:06]} g6 {[%clk 01:30:55]} {[%emt
00:00:05]} 2. d4 {[%clk 01:30:37]} {[%emt 00:00:48]} Bg7 {[%clk 01:31:18]}
{[%emt 00:00:05]} 3. Nc3 {[%clk 01:25:38]} {[%emt 00:05:30]} a6 {[%clk
01:31:05]} {[%emt 00:00:44]} 4. a4 {[%clk 01:25:44]} {[%emt 00:00:24]} b6
{[%clk 01:28:20]} {[%emt 00:03:15]} 5. Be3 {[%clk 01:25:41]} {[%emt 00:00:33]}
d6 {[%clk 01:27:22]} {[%emt 00:01:28]} 6. Nf3 {[%clk 01:25:38]} {[%emt
00:00:32]} Nf6 {[%clk 01:21:59]} {[%emt 00:05:53]} 7. Qd2 {[%clk 01:24:12]}
{[%emt 00:01:56]} Bb7 {[%clk 01:19:27]} {[%emt 00:03:02]} 8. Bd3 {[%clk
01:19:17]} {[%emt 00:05:26]} Ng4 {[%clk 01:12:26]} {[%emt 00:07:30]} 9. Bf4
{[%clk 01:15:56]} {[%emt 00:03:51]} e5 {[%clk 01:02:31]} {[%emt 00:10:26]} 10.
dxe5 {[%clk 01:16:02]} {[%emt 00:00:24]} Nxe5 {[%clk 00:58:56]} {[%emt
00:04:05]} 11. Nxe5 {[%clk 01:09:04]} {[%emt 00:07:28]} dxe5 {[%clk 00:55:02]}
{[%emt 00:04:24]} 12. Bh6 {[%clk 01:07:37]} {[%emt 00:01:56]} Bxh6 {[%clk
00:54:23]} {[%emt 00:01:08]} 13. Qxh6 {[%clk 01:07:59]} {[%emt 00:00:08]} Nd7
{[%clk 00:53:59]} {[%emt 00:00:55]} 14. Bc4 {[%clk 01:01:55]} {[%emt 00:06:34]}
Qf6 {[%clk 00:51:40]} {[%emt 00:02:48]} 15. Rd1 {[%clk 00:56:04]} {[%emt
00:06:23]} O-O-O {[%clk 00:47:57]} {[%emt 00:04:13]} 16. O-O {[%clk 00:52:30]}
{[%emt 00:04:03]} Nc5 {[%clk 00:33:39]} {[%emt 00:14:48]} 17. Qe3 {[%clk
00:50:49]} {[%emt 00:02:11]} Rd4 {[%clk 00:31:25]} {[%emt 00:02:44]} 18. Rxd4
{[%clk 00:44:29]} {[%emt 00:06:50]} exd4 {[%clk 00:31:05]} {[%emt 00:00:50]}
19. Qh3+ {[%clk 00:33:52]} {[%emt 00:11:06]} Kb8 {[%clk 00:29:34]} {[%emt
00:02:02]} 20. Nd5 {[%clk 00:33:27]} {[%emt 00:00:56]} Qe5 {[%clk 00:25:23]}
{[%emt 00:04:40]} 21. Re1 {[%clk 00:23:00]} {[%emt 00:10:58]} Nxe4 {[%clk
00:13:45]} {[%emt 00:12:07]} 22. Qd7 {[%clk 00:11:53]} {[%emt 00:11:37]} Qd6
{[%clk 00:08:15]} {[%emt 00:05:59]} 23. Qxf7 {[%clk 00:07:50]} {[%emt
00:04:32]} Rf8 {[%clk 00:04:19]} {[%emt 00:04:27]} 24. Qe7 {[%clk 00:04:00]}
{[%emt 00:04:21]} Qxe7 {[%clk 00:01:57]} {[%emt 00:02:52]} 25. Nxe7 {[%clk
00:04:25]} {[%emt 00:00:05]} Nd6 {[%clk 00:00:51]} {[%emt 00:01:37]} 26. Bg8
{[%clk 00:01:30]} {[%emt 00:03:24]} Be4 {[%clk 00:00:45]} {[%emt 00:00:36]} 27.
Bxh7 {[%clk 00:01:11]} {[%emt 00:00:50]} Re8 {[%clk 00:00:32]} {[%emt
00:00:43]} 28. Ng8 {[%clk 00:00:40]} {[%emt 00:01:00]} Bxc2 {[%clk 00:00:32]}
{[%emt 00:00:30]} 29. Rxe8+ Nxe8 {[%clk 00:01:01]} 30. Kf1 {[%clk 00:01:02]}
{[%emt 00:00:19]} d3 {[%clk 00:00:45]} {[%emt 00:00:46]} 31. Bxg6 {[%clk
00:00:58]} {[%emt 00:00:34]} Nd6 {[%clk 00:00:47]} {[%emt 00:00:29]} 32. Ne7
{[%clk 00:01:15]} {[%emt 00:00:12]} c5 {[%clk 00:00:41]} {[%emt 00:00:35]} 33.
Nc6+ {[%clk 00:01:02]} {[%emt 00:00:43]} Kc7 {[%clk 00:01:06]} {[%emt
00:00:06]} 34. Ne5 {[%clk 00:01:31]} {[%emt 00:00:02]} c4 {[%clk 00:00:57]}
{[%emt 00:00:39]} 35. h4 {[%clk 00:01:55]} {[%emt 00:00:06]} Kd8 {[%clk
00:00:52]} {[%emt 00:00:34]} 36. h5 {[%clk 00:02:14]} {[%emt 00:00:11]} Ke7
{[%clk 00:01:11]} {[%emt 00:00:11]} 37. h6 {[%clk 00:02:17]} {[%emt 00:00:28]}
Kf6 {[%clk 00:01:17]} {[%emt 00:00:23]} 38. h7 {[%clk 00:02:16]} {[%emt
00:00:32]} Kg7 {[%clk 00:01:39]} {[%emt 00:00:07]} 39. Ke1 {[%clk 00:02:44]}
{[%emt 00:00:02]} Bxa4 {[%clk 00:01:13]} {[%emt 00:00:57]} 40. f4 {[%clk
00:02:56]} {[%emt 00:00:18]} a5 {[%clk 00:00:45]} {[%emt 00:00:57]} 41. f5
{[%clk 00:28:46]} {[%emt 00:04:40]} Ne4 {[%clk 00:14:06]} {[%emt 00:17:07]} 42.
Nxc4 {[%clk 00:28:19]} {[%emt 00:00:59]} Bb5 {[%clk 00:06:50]} {[%emt
00:07:46]} 43. Nd2 {[%clk 00:27:51]} {[%emt 00:00:58]} Nf6 {[%clk 00:06:48]}
{[%emt 00:00:32]} 44. Kf2 {[%clk 00:27:42]} {[%emt 00:00:39]} Bc6 {[%clk
00:05:28]} {[%emt 00:01:50]} 45. Ke3 {[%clk 00:25:03]} {[%emt 00:03:08]} Bxg2
{[%clk 00:04:07]} {[%emt 00:01:52]} 46. Nc4 {[%clk 00:21:27]} {[%emt 00:04:06]}
Nxh7 {[%clk 00:02:24]} {[%emt 00:02:12]} 47. Bxh7 {[%clk 00:21:04]} {[%emt
00:00:53]} Kxh7 {[%clk 00:02:40]} {[%emt 00:00:15]} 48. Kxd3 {[%clk 00:12:03]}
{[%emt 00:09:31]} Kg7 {[%clk 00:02:15]} {[%emt 00:00:55]} 49. Nxb6 {[%clk
00:08:18]} {[%emt 00:04:15]} Kf6 {[%clk 00:02:19]} {[%emt 00:00:26]} 50. Nc4
{[%clk 00:08:15]} {[%emt 00:00:33]} a4 {[%clk 00:02:03]} {[%emt 00:00:46]} 51.
Ne3 {[%clk 00:06:35]} {[%emt 00:02:09]} Bc6 {[%clk 00:01:40]} {[%emt 00:00:53]}
52. Kd4 {[%clk 00:06:33]} {[%emt 00:00:33]} Bd7 {[%clk 00:01:40]} {[%emt
00:00:31]} 53. Ke4 {[%clk 00:06:42]} {[%emt 00:00:20]} Bc6+ {[%clk 00:00:46]}
{[%emt 00:01:23]} 54. Kf4 {[%clk 00:06:23]} {[%emt 00:00:49]} Bb7 {[%clk
00:00:46]} {[%emt 00:00:30]} 55. Ng4+ {[%clk 00:06:45]} {[%emt 00:00:09]} Kf7
{[%clk 00:00:56]} {[%emt 00:00:20]} 56. Ke5 {[%clk 00:07:08]} {[%emt 00:00:06]}
Bc8 {[%clk 00:00:54]} {[%emt 00:00:33]} 57. Ne3 {[%clk 00:07:06]} {[%emt
00:00:32]} Ba6 {[%clk 00:00:46]} {[%emt 00:00:38]} 58. Nd5 {[%clk 00:07:13]}
{[%emt 00:00:23]} Bc4 {[%clk 00:00:46]} {[%emt 00:00:29]} 59. Nb6 {[%clk
00:06:54]} {[%emt 00:00:49]} Bb3 {[%clk 00:00:55]} {[%emt 00:00:22]} 60. Nc8
{[%clk 00:07:00]} {[%emt 00:00:24]} Ba2 {[%clk 00:00:41]} {[%emt 00:00:44]} 61.
Nd6+ {[%clk 00:07:11]} {[%emt 00:00:19]} Ke7 {[%clk 00:00:41]} {[%emt
00:00:29]} 62. f6+ {[%clk 00:06:32]} {[%emt 00:01:09]} Kf8 {[%clk 00:01:05]}
{[%emt 00:00:07]} *

[Event "DVM U20 2020"]
[Site "Willingen GER"]
[Date "2021.06.25"]
[Round "3"]
[White "Meyling, Lennart"]
[Black "Bargsten, Justus"]
[Result "1-0"]
[Termination "normal"]
[Board "3.3"]
[WhiteElo "2044"]
[BlackElo "2052"]
[WhiteClock "00:20:10"]
[BlackClock "00:11:30"]
[WhiteTeam "Hamburger SK von 1830"]
[BlackTeam "Post SV Uelzen"]
[PlyCount "127"]
[WhiteFideId "12947130"]
[BlackFideId "12974188"]
[EventCountry "GER"]
[EventRounds "7"]
[EventType "team-swiss"]
[EventDate "2021.06.23"]

1. d4 {[%clk 01:30:58]} {[%emt 00:00:01]} Nf6 {[%clk 01:30:56]} {[%emt
00:00:05]} 2. c4 {[%clk 01:29:59]} {[%emt 00:01:29]} e6 {[%clk 01:31:10]}
{[%emt 00:00:16]} 3. Nc3 {[%clk 01:28:53]} {[%emt 00:01:35]} Bb4 {[%clk
01:31:31]} {[%emt 00:00:09]} 4. Qc2 {[%clk 01:27:50]} {[%emt 00:01:32]} O-O
{[%clk 01:28:57]} {[%emt 00:03:05]} 5. Bg5 {[%clk 01:26:38]} {[%emt 00:01:42]}
c5 {[%clk 01:28:24]} {[%emt 00:01:03]} 6. dxc5 {[%clk 01:24:54]} {[%emt
00:02:13]} Qa5 {[%clk 01:28:46]} {[%emt 00:00:08]} 7. Bd2 {[%clk 01:22:58]}
{[%emt 00:02:27]} Qxc5 {[%clk 01:29:02]} {[%emt 00:00:15]} 8. e3 {[%clk
01:20:48]} {[%emt 00:02:39]} Qc7 {[%clk 01:28:45]} {[%emt 00:00:47]} 9. Bd3
{[%clk 01:18:56]} {[%emt 00:02:22]} b6 {[%clk 01:19:08]} {[%emt 00:10:08]} 10.
a3 {[%clk 01:14:16]} {[%emt 00:05:09]} Be7 {[%clk 01:18:21]} {[%emt 00:01:17]}
11. Nge2 {[%clk 01:03:46]} {[%emt 00:11:01]} Bb7 {[%clk 01:15:39]} {[%emt
00:03:11]} 12. f3 {[%clk 01:03:39]} {[%emt 00:00:37]} Nc6 {[%clk 01:12:03]}
{[%emt 00:04:06]} 13. f4 {[%clk 00:57:09]} {[%emt 00:07:00]} Rac8 {[%clk
01:06:23]} {[%emt 00:06:10]} 14. O-O-O {[%clk 00:56:19]} {[%emt 00:01:20]} Na5
{[%clk 01:04:34]} {[%emt 00:02:19]} 15. Nb5 {[%clk 00:55:56]} {[%emt 00:00:54]}
Qb8 {[%clk 01:04:42]} {[%emt 00:00:22]} 16. Bxa5 {[%clk 00:53:53]} {[%emt
00:02:32]} bxa5 {[%clk 01:04:57]} {[%emt 00:00:15]} 17. Nec3 {[%clk 00:51:26]}
{[%emt 00:02:58]} d5 {[%clk 00:58:28]} {[%emt 00:06:59]} 18. cxd5 {[%clk
00:49:50]} {[%emt 00:02:06]} Nxd5 {[%clk 00:46:53]} {[%emt 00:12:05]} 19. Bxh7+
{[%clk 00:49:54]} {[%emt 00:00:26]} Kh8 {[%clk 00:47:16]} {[%emt 00:00:06]} 20.
Be4 {[%clk 00:50:11]} {[%emt 00:00:14]} Nxe3 {[%clk 00:45:08]} {[%emt
00:02:38]} 21. Qe2 {[%clk 00:43:39]} {[%emt 00:07:01]} Bxe4 {[%clk 00:45:30]}
{[%emt 00:00:08]} 22. Qxe3 {[%clk 00:43:59]} {[%emt 00:00:10]} Bg6 {[%clk
00:37:29]} {[%emt 00:08:30]} 23. Nd4 {[%clk 00:41:46]} {[%emt 00:02:44]} Bxa3
{[%clk 00:36:08]} {[%emt 00:01:51]} 24. Rd2 {[%clk 00:37:08]} {[%emt 00:05:08]}
Qb4 {[%clk 00:25:56]} {[%emt 00:10:41]} 25. Nde2 {[%clk 00:32:08]} {[%emt
00:05:31]} Qb3 {[%clk 00:26:00]} {[%emt 00:00:26]} 26. g4 {[%clk 00:27:11]}
{[%emt 00:05:28]} Rb8 {[%clk 00:25:22]} {[%emt 00:01:07]} 27. Nd1 {[%clk
00:25:22]} {[%emt 00:02:20]} Rfc8+ {[%clk 00:25:22]} {[%emt 00:00:28]} 28. Nec3
{[%clk 00:25:41]} {[%emt 00:00:12]} Qa2 {[%clk 00:21:38]} {[%emt 00:04:13]} 29.
Rd8+ {[%clk 00:25:45]} {[%emt 00:00:27]} Rxd8 {[%clk 00:20:37]} {[%emt
00:01:31]} 30. Nxa2 {[%clk 00:26:04]} {[%emt 00:00:11]} Rdc8+ {[%clk 00:13:49]}
{[%emt 00:07:18]} 31. Nac3 {[%clk 00:25:34]} {[%emt 00:01:00]} Bc5 {[%clk
00:13:52]} {[%emt 00:00:27]} 32. Qh3+ {[%clk 00:25:01]} {[%emt 00:01:04]} Kg8
{[%clk 00:14:20]} {[%emt 00:00:02]} 33. f5 {[%clk 00:24:56]} {[%emt 00:00:34]}
Bh7 {[%clk 00:14:33]} {[%emt 00:00:18]} 34. fxe6 {[%clk 00:24:46]} {[%emt
00:00:40]} fxe6 {[%clk 00:13:23]} {[%emt 00:01:40]} 35. Re1 {[%clk 00:25:00]}
{[%emt 00:00:15]} a4 {[%clk 00:12:40]} {[%emt 00:01:14]} 36. Kd2 {[%clk
00:22:04]} {[%emt 00:03:25]} Rd8+ {[%clk 00:12:11]} {[%emt 00:01:00]} 37. Ke2
{[%clk 00:22:29]} {[%emt 00:00:04]} Rb4 {[%clk 00:12:17]} {[%emt 00:00:24]} 38.
Qh5 {[%clk 00:22:01]} {[%emt 00:00:58]} Bb6 {[%clk 00:10:39]} {[%emt 00:02:08]}
39. g5 {[%clk 00:19:20]} {[%emt 00:03:11]} Bf5 {[%clk 00:09:40]} {[%emt
00:01:29]} 40. Ne3 {[%clk 00:14:11]} {[%emt 00:05:39]} Bd3+ {[%clk 00:05:03]}
{[%emt 00:05:07]} 41. Kf2 {[%clk 00:13:43]} {[%emt 00:00:59]} Rxb2+ {[%clk
00:02:09]} {[%emt 00:03:23]} 42. Kg1 {[%clk 00:13:28]} {[%emt 00:00:45]} Rf8
{[%clk 00:29:57]} {[%emt 00:02:42]} 43. Ncd1 {[%clk 00:43:05]} {[%emt
00:00:53]} Rb5 {[%clk 00:27:48]} {[%emt 00:02:38]} 44. Qg4 {[%clk 00:42:06]}
{[%emt 00:01:31]} Rff5 {[%clk 00:27:41]} {[%emt 00:00:36]} 45. h4 {[%clk
00:41:59]} {[%emt 00:00:38]} Rfe5 {[%clk 00:26:47]} {[%emt 00:01:23]} 46. Qxa4
{[%clk 00:38:18]} {[%emt 00:04:11]} Ba5 {[%clk 00:23:13]} {[%emt 00:04:04]} 47.
Qa3 {[%clk 00:36:21]} {[%emt 00:02:28]} Bc4 {[%clk 00:18:48]} {[%emt 00:04:55]}
48. Qe7 {[%clk 00:35:06]} {[%emt 00:01:44]} Bd3 {[%clk 00:12:18]} {[%emt
00:07:00]} 49. Rf1 {[%clk 00:29:07]} {[%emt 00:06:29]} Bxf1 {[%clk 00:12:37]}
{[%emt 00:00:11]} 50. Qe8+ {[%clk 00:25:00]} {[%emt 00:04:36]} Kh7 {[%clk
00:12:57]} {[%emt 00:00:10]} 51. Kxf1 {[%clk 00:24:40]} {[%emt 00:00:51]} Rb4
{[%clk 00:11:51]} {[%emt 00:01:36]} 52. Ng4 {[%clk 00:21:57]} {[%emt 00:03:13]}
Rf5+ {[%clk 00:10:49]} {[%emt 00:01:32]} 53. Ke2 {[%clk 00:21:10]} {[%emt
00:01:18]} Rxg4 {[%clk 00:09:02]} {[%emt 00:02:17]} 54. Qh5+ {[%clk 00:21:25]}
{[%emt 00:00:14]} Kg8 {[%emt 00:00:09]} 55. Qxg4 {[%clk 00:21:26]} {[%emt
00:00:28]} Bb6 {[%clk 00:09:47]} {[%emt 00:00:07]} 56. Qc4 {[%clk 00:21:03]}
{[%emt 00:00:54]} Kf7 {[%clk 00:10:05]} {[%emt 00:00:12]} 57. Ne3 {[%clk
00:20:34]} {[%emt 00:00:59]} Bxe3 {[%clk 00:09:54]} {[%emt 00:00:41]} 58. Qc7+
{[%clk 00:20:33]} {[%emt 00:00:30]} Kg6 {[%clk 00:10:00]} {[%emt 00:00:24]} 59.
Kxe3 {[%clk 00:20:52]} {[%emt 00:00:11]} a5 {[%clk 00:10:02]} {[%emt 00:00:28]}
60. Qe7 {[%clk 00:21:10]} {[%emt 00:00:12]} Re5+ {[%clk 00:10:19]} {[%emt
00:00:13]} 61. Kf4 {[%clk 00:20:48]} {[%emt 00:00:52]} Rf5+ {[%clk 00:10:37]}
{[%emt 00:00:13]} 62. Kg4 {[%clk 00:21:10]} {[%emt 00:00:07]} Re5 {[%clk
00:11:02]} {[%emt 00:00:05]} 63. h5+ {[%clk 00:19:48]} {[%emt 00:01:52]} Kh7
{[%clk 00:11:30]} {[%emt 00:00:02]} 64. h6 {[%clk 00:20:10]} {[%emt 00:00:08]}
1-0